Ekonomie prestiže ceny, vyznamenání a oběh kulturních hodnot

Saved in:
Bibliographic Details
Main Author: English, James F.
Other Authors: Neradová, Martina
Format: Book
Language:Czech
Published: Brno Host - vydavatelství 2011
Series:Teoretická knihovna svazek 30
Subjects:
Tags: Add Tag
No Tags, Be the first to tag this record!

MARC

LEADER 00000nam a2200000 4500
001 0152913
005 20240313085729.5
020 |a 978-80-7294-492-7 
041 0 |a cze 
044 |a CZ 
245 1 0 |a Ekonomie prestiže  |b ceny, vyznamenání a oběh kulturních hodnot  |c James F. English ; přeložila: Martina Neradová 
264 1 |a Brno  |b Host - vydavatelství  |c 2011 
300 |a 416 s. 
490 1 |a Teoretická knihovna  |v svazek 30 
830 0 |a Teoretická knihovna  |v svazek 30 
610 2 0 |a kultúra 
610 2 0 |a ekonómia 
610 2 0 |a literatúra 
610 2 0 |a umenie 
610 2 0 |a odmeňovanie 
610 2 0 |a peniaze 
610 2 0 |a investície 
610 2 0 |a sponzorovanie 
610 2 0 |a Česko 
100 1 |a English, James F. 
700 1 |a Neradová, Martina